000 01113nam a2200289Ia 4500
003 OSt
005 20221005105959.0
006 a|||||r|||| 00| 0
007 ta
008 221004b |||||||| |||| 00| 0 mal d
020 _c75
024 _a92876
037 _b530, 19/03/2009, Vani Prakashan
_cTextual
040 _aCRL
_cCRL
_bmal
041 _2mal
_amal
082 _aO32,1NASx, 152M3
100 _aजॉर्ज, के एम
245 0 _aकुमारन आशान
246 _aKumāran āshāna
260 _aनई दिल्ली
_bसाहित्य अकादेमी भारत
_c1983
300 _a83पृ0
_ccm.
490 _aभारतीय साहित्य के निर्माता
650 _aकन्नड़ साहित्य
700 _a चतुर्वेदी, सुधांशु, अनु.
942 _hO32,1NASx, 152M3
_cTEXL
_2cc
999 _c1017412
_d1017412